000
00251nam a22001097a 4500
082
_a
629.132 HUR'F
100
_a
HURT, HUGH HARRISON
_9
61092
245
_a
FLIGHT MECHANICS
260
_a
RAWALPINDI
_b
EME COLLEGE
_c
9999
300
_a
416P
942
_c
BK
999
_c
570649
_d
570649